Codes postaux par centaines : villes de la région Champagne-Ardenne - Statistiques

Statistiques générales
  • Ce quiz a été pris 82 fois
  • Le résultat moyen est 15 sur 35
Statistiques - réponses
Département Code postal Ville % Correct
Marne 51100 Reims
99%
Marne 51000 Châlons-en-Champagne
93%
Aube 10000 Troyes
92%
Ardennes 08000 Charleville-Mézières
90%
Marne 51200 Épernay
87%
Ardennes 08200 Sedan
82%
Haute-Marne 52000 Chaumont
79%
Haute-Marne 52100 Saint-Dizier
70%
Haute-Marne 52200 Langres
68%
Ardennes 08300 Rethel
66%
Marne 51300 Vitry-le-François
66%
Aube 10200 Bar-sur-Aube
59%
Haute-Marne 52800 Nogent
52%
Aube 10400 Nogent-sur-Seine
52%
Ardennes 08600 Givet
51%
Marne 51800 Sainte-Menehould
48%
Ardennes 08400 Vouziers
42%
Aube 10100 Romilly-sur-Seine
39%
Ardennes 08500 Revin
30%
Aube 10700 Arcis-sur-Aube
23%
Marne 51700 Dormans
23%
Haute-Marne 52300 Joinville
23%
Aube 10500 Brienne-le-Château
21%
Marne 51400 Mourmelon-le-Grand
20%
Aube 10600 La Chapelle-Saint-Luc
18%
Ardennes 08700 Nouzonville
14%
Aube 10300 Sainte-Savine
14%
Marne 51600 Suippes
13%
Aube 10800 Saint-Julien-les-Villas
11%
Haute-Marne 52400 Bourbonne-les-Bains
10%
Haute-Marne 52600 Chalindrey
8%
Ardennes 08800 Monthermé
8%
Marne 51500 Taissy / Sillery
6%
Haute-Marne 52500 Fayl-Billot
4%
Haute-Marne 52700 Andelot-Blancheville / Rimaucourt
1%
Aucun quiz correspondant
Distribution des résultats
% des personnes avec chaque résultat
Percentile par nombre de réponses
Votre historique - résultats
Vous n’avez pas pris ce quiz